JUL - Choix Multiples - Statistiques

Statistiques générales
  • Ce quiz a été pris 769 fois
  • Le résultat moyen est 8 sur 13
Statistiques - réponses
Question Réponse % Correct
Dans quelle ville de France est-il né le 14 Janvier 1990 ? Marseille
99%
Comment se nomme son propre label ? D'or et de Platine
94%
Comment se nomme-t-il dans la vraie vie ? Julien Mari
92%
Dans quelle chanson peut-on entendre " J'ai passé la bague à Tchikita, deux mois après, j'l'ai déjà quitté (ah, ah) T'es un petit bâtard, j'suis un apache, j'suis un Diakité" ? Bande organisée
87%
Comment se nomme son premier album entier en février 2014 ? Dans ma paranoïa
71%
Sous quel pseudo s'était-il fait connaître par le label marseillais Liga One Industry ? Juliano 135
70%
Dans l'album My World, quelle chanson mondialement connue a-t-il repris ? Barbie Girl de Aqua
69%
Dans quel groupe il rejoint Veazy, Houari, Friz et Bil-K, et adopte son pseudo officiel ? Ghetto Phénomène
68%
Quelle particularité Jul ne fait-il pas dans les clips mais bien dans la vraie vie hors caméra ? Fumer
65%
Quel personnalité politique fait le signe de JUL avec ses mains durant l'élection présidentielle de 2017 ? Philippe Poutou
38%
Avec quel autre chanteur, signe-t-il le titre "Ça ne change pas" ? Soprano
30%
Quelle chanson durant 5 minutes 54 secondes chante-t-il en compagnie de l'Algérino, Alonzo ou encore SCH ? L'étoile sur le maillot
20%
Sur Wikipédia, de quel club porte-t-il la veste dés le début de sa description ? Réal Madrid
10%
Aucun quiz correspondant
Distribution des résultats
% des personnes avec chaque résultat
Percentile par nombre de réponses
Votre historique - résultats
Vous n’avez pas pris ce quiz